| 000 | 00872nac a22001931u 4500 | ||
|---|---|---|---|
| 008 | 080828t le|||||r|||| 100 0 ara d | ||
| 020 | _a9953450897 | ||
| 082 |
_a149.7 _bع ق ل |
||
| 110 |
_aMarkaz Derasat Al Wehda Al Arabeya. _916456 |
||
| 245 |
_aحصيلة العقلانية والتنوير فى الفكر العربى المعاصر: _bبحوث ومناقشات الندوة الفكرية التى نظمها مركز دراسات الوحدة العربية/ _cحسن حنفى ...(وآخ) |
||
| 260 |
_aبيروت: _bمركز دراسات الوحدة العربية، 2005 _c2005. |
||
| 300 |
_a380 ص؛ _c24 سم |
||
| 500 | _aيشتمل على فهرس | ||
| 504 | _a. | ||
| 511 | _aCatalogued by: Sara | ||
| 541 |
_aألف باء; _cشراء; |
||
| 710 |
_922284 _aمركز دراسات الوحدة العربية |
||
| 942 |
_cBB _k149.7ع ق ل _2ddc |
||
| 999 |
_c5622 _d5622 |
||